00610nam a2200205Ia 4500003000900000008004100009020002200050040001600072080001800088100002000106245011200126250001200238260004200250300001400292490002200306650002400328650001700352650001700369650001800386IN-BaIIA211028s9999 xx 000 0 eng d a978-3-527-40669-2 cIIA Library a52:532.5bSHO aShore, Steven N 0aAstrophysical hydrodynamicsban introductioncSteven N. Shore  a2nd ed. aWeinheimbWiley-VCH Verlag Gmbhc2007 axx, 451p. aPhysics text book aAstrophysical flows aAstrophysics aFluid motion aHydrodynamics